000 01267nam a2200325 a 4500
999 _c204631
_d204631
003 BLK
005 20240618151840.0
008 180411b bul|||||r ||||||| ||bul||
020 _a9789543992270
040 _aBLK
041 _aBUL
_cBUL
080 _aАмериканска литература (на САЩ)
_b821.111(73)
_x-31
_z821.111(73)-31
100 _aКенеди, Дъглас
_eпърви автор
_9265304
139 _aКенеди, Дъглас
_bК 50
245 1 0 _aИзкушение
_bРоман
_cДъглас Кенеди ; прев. от англ. Павел Главусанов.
257 _aUSA
260 _aСофия
_bSBB Media
_c2017
_fСофия : Ропринт
_9220476
_n978-954-399-
300 _a264 с.
_c20 см
380 _aX
490 _aКолекция Страст и изкушение
_9209250
500 _aОриг. загл. Temptation / Douglas Kennedy.
700 _aГлавусанов, Павел Грозданов
_9241906
852 _aЦб 288062
_bЦб
852 _bП
_c821-31/К 50 Д
856 4 _qpdf
_i0.00
_ldisable
856 4 _qpdf
_i0.00
_ldisable
942 _cKNG
_n0
_s1
_02
944 _aCR
_c15.11.2017
_k30560
_lГеновева Генчева
944 _aED
_c2023-03-27
_kКети